000 04084cam a2201309 i 4500
003 PE-LiUPU
005 20250813185429.0
008 190306s2018 sp r 000 0 spa d
020 _a8427724632
020 _a9788427724631
035 _a(Sirsi) i9788427724631
035 _a(OCoLC)1054065481
_z(OCoLC)1053477697
040 _aPRUAPE-LiUPU
_bspa
_cPE-LiUPU
_erda
041 1 _aspa
_heng
049 _aPRUA
082 0 4 _a305.24
_bD99
_220
100 1 _aDynes, Robin,
_eautor.
245 1 0 _aTalleres de comunicación positiva :
_bpara mejorar el bienestar y reducir el aislamiento de las personas mayores /
_cRobin Dynes ; traducción Félix Menéndez Díaz.
264 1 _aMadrid :
_bNarcea Ediciones,
_c2018.
300 _a191 páginas :
_bilustraciones ;
_c23 centímetros.
336 _atext
_2rdacontent
337 _aunmediated
_2rdamedia
338 _avolume
_2rdacarrier
490 0 _Guías para la formación
505 0 _aIntroducción -- Identificar puntos fuertes, esperanzas -- Cuestiones delicadas. actividades para tratar temas sobre los que resulta difícil hablar -- Creatividad. actividades para mantener operativas las relaciones -- Memoria. actividades para facilitar los recuerdos -- Espiritualidad. actividades sobre el bienestar espiritual -- Habilidades sociales. actividades para pasárselo bien y divertirse -- Escritura. actividades que emplean la escritura para la salud y el bienestar -- Mantenerse activos. actividades para mejorar el movimiento -- Generar confianza. actividades para una autoimagen positiva -- Reminiscencias. actividades para avivar recuerdos personales.
526 _aP202
526 _aP201
526 _aP163
526 _aP162
526 _aP161
526 _aP160
526 _aP148
526 _aP147
526 _aP146
526 _aP145
526 _aP144
526 _aP143
526 _aP142
526 _aP141
526 _aP140
526 _aP139
526 _aP138
526 _aP137
526 _aP136
526 _aP135
526 _aP134
526 _aP133
526 _aP129
526 _aP128
526 _aP127
526 _aP120
526 _aP119
526 _aP118
526 _aP116
526 _aP115
526 _aP114
526 _aP110
526 _aP109
526 _aP108
526 _aP104
526 _aP103
526 _aP102
526 _aP99
526 _aP98
526 _aP97
526 _aP96
526 _aP95
526 _aP93
526 _aP90
526 _aP89
526 _aP88
526 _aP83
526 _aP82
526 _aP62
526 _aP59
526 _aP58
526 _aP57
526 _aP51
526 _aP49
526 _aP48
526 _aP47
526 _aP29
526 _aP24
526 _aP20
526 _aP19
526 _aP17
526 _aP15
526 _aP14
526 _aP12
526 _aP10
526 _aP09
526 _aP08
526 _aP07
526 _aP06
526 _aP05
526 _aP04
526 _aP01
534 _pTítulo Original :
_tPositive communication. Activities to reduce isolation and improve the wellbeing of older adults.
541 _gF002-00000796;
650 0 4 _aAdultos mayores
_xCalidad de vida.
650 0 4 _aAdultos mayores
_xAspectos sociales.
650 0 4 _aAdultos mayores
_xComunicación.
650 0 4 _aAsistencia a la vejez.
650 0 4 _aAdultos mayores
_xEspiritualidad.
700 1 _Menéndez Díaz, Félix,
_etraductor.
910 _adbm
_bjpc
_cjpc
_d20190306
942 _2ddc
_cBOOK
949 _a305.24 D99
_wDEWEY
_c1
_i79896
_lCATALOGING
_mBUL
_p
_23.00
_r0
_sY
_tBOOK
_u2019-03-06
_xSALUD
_zP33
_0COMPRA
_o.STAFF. Colección Ciencias de la Salud
994 _aC0
_bPEPRU
596 _a1
999 _a305.24 D99
_wDEWEY
_c31186
_i79896
_f2021-11-4
_g3
_lCCODEBUL1
_mBUL
_r0
_sY
_tBOOK
_u2019-3-6
_xBIBLIOTECA
_PP33
_0COMPRA
_1FCOMPR2
_o.STAFF. Colección Ciencias de la Salud
_d31186
980 _81
_gALBERTO SANCHEZ Responsable de Automatización